000 00446nam a2200157Ia 4500
020 _a0070454124(hb)
082 _a620.00321
_bMCG
_cL-31, P-94
245 _aMcGraw Hill dictionary of engineering.
260 _aNew York:
_bMcGraw-Hill,
_c1984.
300 _a659p.
526 _a0
_b0
_c0
_d620_003210000000000_MCG
650 _aEngineering -- Dictionaries
_950744
650 _aNUST
_96342
700 _aParker, Sybil P.
_913917
942 _2ddc
_cBK
999 _c553498
_d553498